Statistiken für Ewige Tabelle der Regionalliga Südwest

Klicken Sie hier um das Quiz zu spielen!

Allgemein

  • Dieses Quiz wurde 307 mal gespielt
  • Das Durchschnittsergebnis liegt bei 27 aus 43

Antwortstatistiken

PlatzVereinSpielePunkte% Korrekt
25Stuttgarter Kickers7280
90%
2SV Waldhof Mannheim244459
90%
18VfB Stuttgart II124156
90%
141. FSV Mainz 05 II182263
89%
33TSV Schott Mainz5449
89%
24Eintracht Frankfurt II7082
88%
36FSV Frankfurt II3640
88%
9SSV Ulm 1846217308
88%
51. FC Saarbrücken197396
86%
20FSV Frankfurt112148
86%
43SV Saar 05 Saarbrücken3411
86%
6SC Freiburg II248389
85%
7FC 08 Homburg248383
83%
3Kickers Offenbach248425
83%
41Rot-Weiß Koblenz4024
83%
16TuS Koblenz176207
83%
15Eintracht Trier174248
81%
4TSG 1899 Hoffenheim II285418
81%
131. FC Kaiserslautern II174263
79%
8KSV Hessen Kassel229321
76%
1SV Elversberg252479
76%
10Wormatia Worms244304
71%
31VfR Aalen4149
68%
11TSV Steinbach Haiger180283
66%
17FK Pirmasens178205
63%
23TSG Balingen7683
62%
19SG Sonnenhof Großaspach88153
61%
32FC Gießen4249
59%
22Bahlinger SC7691
58%
12FC-Astoria Walldorf216279
48%
27FC Bayern Alzenau7674
44%
39SV Röchling Völklingen3627
41%
26TSV Eintracht Stadtallendorf8979
40%
34KSV Baunatal6841
36%
42SC Hessen Dreieich3419
32%
28SVN Zweibrücken6866
30%
29FC Nöttingen7065
27%
37SC 07 Idar-Oberstein3635
22%
30SC Pfullendorf7062
21%
351. FC Eschborn3640
18%
40SV Spielberg3426
17%
21SpVgg Neckarelz102118
15%
38Teutonia Watzenborn-Steinberg3635
15%

Verteilung der Resultate

Perzentil nach korrekt beantworteten Fragen

Anzahl Personen mit jedem Resultat

Ihre Resultats-Entwicklung

Sie haben dieses Quiz noch nicht gespielt